000 00621nam a22002057a 4500
003 URS
005 20221122125416.0
008 171213b xxu||||| |||| 00| 0 eng d
040 _curs
050 _aQA 154.2 D45 1999
100 _93004
_adel Rosario, Bernardo G., Jr.
_eauthor
245 _aApplied algebra
_bBerzen approach
_cBernardo G. del Rosario, Jr.
260 _aQuezon City
_bIsa-Jecho Publishing
_c1999
336 _2rdacontent
_atext
_btxt
337 _2rdamedia
_aunmediated
_bn
338 _2rdacarrier
_avolume
_bnc
650 0 _9192
_aAlgebra.
700 _4author
_aDel Rosario, Bernardo G.
942 _2lcc
_cF
999 _c14716
_d14716